LEADER 01000nam2 22002651i 450 001 SUN0044351 005 20160513011150.703 100 $a20060414d1961 |0latc50 ba 101 $alat 102 $aDE 105 $a|||| ||||| 200 1 $aˆ6.1: ‰Lombardia 205 $aBerolini : apud Weidmannos$b1961 210 $aXLIV$d418 p 215 $aRist. anast. dell'ed. del 1913. 461 1$1001SUN0044350$12001 $aˆ6: ‰Liguria sive provincia Mediolanensis.$v6.1 620 $dBerlin$3SUNL000066 702 1$aKehr$b, Paul F.$3SUNV035798 712 $aWeidmann$3SUNV003633$4650 801 $aIT$bSOL$c20181109$gRICA 912 $aSUN0044351 950 $aUFFICIO DI BIBLIOTECA DEL DIPARTIMENTO DI LETTERE E BENI CULTURALI$d07 CONS Ua 1120 $e07 3992 995 $aUFFICIO DI BIBLIOTECA DEL DIPARTIMENTO DI LETTERE E BENI CULTURALI$bIT-CE0103$h3992$kCONS Ua 1120$oc$qa 996 $aLombardia$9286645 997 $aUNICAMPANIA